00000000nam##2200000za#4500
0019.669968
003CaOODSP
00520220505163029
007ta
008150407|2008||||xxc|||||     f|0| 0 fre|d
020 |a978-0-662-05588-4
040 |aCaOODSP|bfre
041 |aeng
041 |afre
043 |an-cn---
0861 |aHP60-2/2008
1102 |aAgence de santé publique du Canada.
24510|aAgence de la santé publique du Canada, Laboratoire national de microbiologie, rapport des accomplissements : |bexcellence, innovation, leadership
260 |aOttawa - Ontario : |bAgence de santé publique du Canada |cc2008.
300 |aTexte français, 10p. : |bfigures en couleur, graphiques, photographies ; |c28 cm.
5203 |aSouligne les principales réalisations et donne un aperçu de leur orientation future.
563 |aCouverture souple
590 |a10-10|b2010-03-12
69107|aMicrobiologie|2gcpds
7760#|tAgence de la santé publique du Canada, Laboratoire national de microbiologie, rapport des accomplissements : |w(CaOODSP)9.635194
7760#|tPublic Health Agency of Canada, National Microbiology Laboratory report of accomplishments : |w(CaOODSP)9.690849
791 |tPublic Health Agency of Canada, National Microbiology Laboratory report of accomplishments : |eeng|w(CaOODSP)9.669967